Vida más allá del capitalismo : materializar la esperanza /

En la presente obra Michael Albert presenta su teoría económica alternativa al capitalismo y al socialismo: la economía participativa -bautizada como parecon-, que aplica los principios constitutivos del anarquismo: autogestión y federalismo en las empresas.

Gardado en:
Detalles Bibliográficos
Autor Principal: Albert, Michael (autor)
Outros autores: Chomsky, Noam (prólogo) (prólogo)
Formato: Libro
Idioma:Lingua castelá
Publicado: Barcelona, España : Icaria, 2016, c2016
Series:(Antrazyt ; Economía Solidaria) 444.
Temas:
Etiquetas: Engadir etiqueta
Sen Etiquetas, Sexa o primeiro en etiquetar este rexistro!

MARC

LEADER 00000nam^a2200000^a^4500
001 000410228
005 20250521000000.0
009 20260310122042.642
020 |a 978-84-9888-717-4 
037 |a Acervo ITESO - Biblioteca 
041 |a ESP 
082 |a 330. 122  |b ALB 
100 |a Albert, Michael  |e (autor) 
245 1 0 |a Vida más allá del capitalismo :  |b materializar la esperanza /  |c M. Albert ; pról. de N. Chomsky ; tr. por Angelo Ponziano. 
264 4 |a Barcelona, España :  |b Icaria,  |c 2016, c2016 
300 |a 287 p. 
336 |a texto  |b txt  |2 rdacontenido 
337 |a sin mediación  |b n  |2 rdamedio 
338 |a volumen  |b nc  |2 rdasoporte 
440 1 |a (Antrazyt ;  |v 444.  |p Economía Solidaria) 
500 |a Traducción de: Realizing Hope: Life Beyond Capitalism 
520 |a En la presente obra Michael Albert presenta su teoría económica alternativa al capitalismo y al socialismo: la economía participativa -bautizada como parecon-, que aplica los principios constitutivos del anarquismo: autogestión y federalismo en las empresas. 
521 |a FIL 2018 DIA 
585 |a Exposición DIA 2022-08/09 / Pa(i)sajes transformadores de esperanza 
649 |a XX 
650 |a Solidaridad 
650 |a Capitalismo -  |x Historia y Crítica -  |x Tema Principal 
650 |a Socialismo -  |x Historia y Crítica 
650 |a Economía Social -  |x Tema Principal 
650 |a Economía -  |x Aspectos Políticos 
700 |a Chomsky, Noam  |e (prólogo) 
910 |a Fondo General 
920 |a Impresos - Libros 
930 |a Colección General 
905 |a 101 
901 |a 0500312411  |b IT1  |c ACC  |i C164513  |u 20250521 
902 |a https://opac.biblio.iteso.mx/vufind/Record/000410228